Využitie ultrazvuku v strojárstve a metalurgii /

Na minha lista:
Detalhes bibliográficos
Main Authors: Švehla, Štefan (Author), Abramov, Oleg (Author), Chorbenko, Ivan (Author)
Formato: Livro
Idioma:eslovaco
Publicado em: Bratislava : Alfa, 1986
Edição:1.vyd.
Tags: Adicionar Tag
Sem tags, seja o primeiro a adicionar uma tag!

MARC

LEADER 00000nam a22000003a 4500
001 stu8256
005 20150617225805.4
008 951117s1986----cs------------------slo-d
040 |a STU  |b slo 
041 0 |a slo 
044 |a cs 
080 |a 534.321.9  |7 stu_us_auth*stu6416 
080 |a 621.669 
100 1 |a Švehla, Štefan  |4 aut 
245 1 |a Využitie ultrazvuku v strojárstve a metalurgii /  |c [aut.] řvehla,ř.; Abramov,O.; Chorbenko,I 
250 |a 1.vyd. 
260 |a Bratislava :  |b Alfa,  |c 1986 
300 |a 314 s 
700 1 |a Abramov, Oleg  |4 aut 
700 1 |a Chorbenko, Ivan  |4 aut 
996 |b E62033  |c E*62033  |l EE05  |s P  |a 0  |w stu8256_0001 
996 |b E62034  |c E*62034  |l EE05  |s P  |a 0  |w stu8256_0002